Výkazníctvo finančných inštitúcií z pohľadu jeho užitočnosti a etiky pre používateľov dizertačná práca

Uložené v:
Podrobná bibliografia
Hlavný autor: Gajdošová, Zuzana, 1988-
Korporativný autor: Fakulta hospodárskej informatiky EU. Katedra účtovníctva a audítorstva
Ďalší autori: Meluchová, Jitka, 1965-
Médium: Kniha
Jazyk:Slovak
Vydavateľské údaje: Bratislava 2018
Predmet:
Tagy: Pridať tag
Žiadne tagy, Buďte prvý, kto otaguje tento záznam!

MARC

LEADER 00000nbm a2200000 4500
001 0247357
005 20230227104356.0
041 0 |a slo 
044 |a SK 
245 1 0 |a Výkazníctvo finančných inštitúcií z pohľadu jeho užitočnosti a etiky pre používateľov  |b dizertačná práca  |c Zuzana Gajdošová ; školiteľ: Jitka Meluchová 
264 1 |a Bratislava  |c 2018 
300 |a 125 s. 
610 2 0 |a inštitúcie finančné 
610 2 0 |a výkazníctvo finančné 
610 2 0 |a úžitok 
610 2 0 |a etika 
610 2 0 |a používatelia 
610 2 0 |a Európska únia 
610 2 0 |a Slovensko 
100 1 |a Gajdošová, Zuzana, 1988- 
700 1 |a Meluchová, Jitka, 1965- 
710 2 |a Fakulta hospodárskej informatiky EU. Katedra účtovníctva a audítorstva